000 00638nam a22002177a 4500
003 UA-OsUOA
001 63423
007 ta
008 20091005b un ||||| |||| 00| 0 ukr d
100 _aСюндюков І.
090 _a94(477)
_bС98
942 _cSA
040 _aUA-OsUOA
_bukr
_cUA-OsUOA
_dUA-OsUOA
245 _aДух розриває кайдани. Норильське повстання: герої, про яких має знати Україна
300 _aС.8
955 _a0
041 _aukr
080 _a94(477)
773 0 _w63422
650 7 _a9 Географія. Біографії. Історія
_2UDC
999 _c349521
_d349521